Logo BPK

Biblioteka

Politechniki Koszalińskiej

Rafinacja ciekłych stopów typu Fe-Cr-Ni-X w warunkach bardzo niskich ciśnień cząstkowych tlenu w fazie gazowej / (Rekord nr 39976)

Szczegóły MARC
000 -ETYKIETA REKORDU
podpole kontrolne o stałej długości 00998nam a2200265 i 4500
001 - NUMER KONTROLNY REKORDU
pole kontrolne bg
020 ## - MIĘDZYNARODOWY ZNORMALIZOWANY NUMER KSIĄŻKI - ISBN
ISBN 8387745553
040 ## - ŹRÓDŁO KATALOGOWANIA
Instytucja, która utworzyła rekord BPK
041 0# - KOD JĘZYKA
Kod języka tekstu pl
Kod języka streszczenia lub abstraktu enru
080 ## - UNIWERSALNA KLASYFIKACJA DZIESIĘTNA - UKD
UKD 669.017/.018:544
920 ## - Międzynarodowy znormalizowany numer książki – ISBN
ISBN 83-87745-55-3
008 - POLE O STAŁEJ DŁUGOŚCI - DANE KONTROLNE
podpole kontrolne o stałej długości s pl f |000 0 pol
100 1# - NAZWA OSOBOWA
Nazwa osobowa DERDA, Włodzimierz
245 10 - TYTUŁ/ODPOWIEDZIALNOŚĆ
Tytuł Rafinacja ciekłych stopów typu Fe-Cr-Ni-X w warunkach bardzo niskich ciśnień cząstkowych tlenu w fazie gazowej /
Pozostałe elementy strefy tytułu i oznaczenia odpowiedzialności Włodzimierz Derda.
260 ## - STREFA ADRESU WYDAWNICZEGO
Miejsce wydania Częstochowa :
Nazwa wydawcy/dystrybutora Wydaw. WMiIM PC,
Data publikacji, dystrybucji/powstania dokumentu 2000.
300 ## - STREFA OPISU FIZYCZNEGO
Objętość 148 s. :
Inne cechy fizyczne il. ;
Rozmiary 24 cm.
490 1# - STREFA SERII I DOKUMENTU WIELOCZĘŚCIOWEGO - FORMA NIE DO WYSZUKIWANIA
Tytuł i oznaczenie odpowiedzialności serii Prace Naukowe Wydziału Metalurgii i Inżynierii Materiałowej / Politechnika Częstochowska. Metalurgia ;
Numeracja w obrębie serii nr 12
500 ## - UWAGI OGÓLNE
Tekst uwagi Streszcz. ang., ros.
504 ## - UWAGA DOTYCZĄCA BIBLIOGRAFII
Informacje o bibliografii Bibliogr.
650 #9 - HASŁO PRZEDMIOTOWE W FORMIE NAZWY OGÓLNEJ LUB JEDNOSTKOWEJ
Nazwa ogólna lub geograficzna Stopy (metalurg.)
Określnik ogólny chemia
650 #9 - HASŁO PRZEDMIOTOWE W FORMIE NAZWY OGÓLNEJ LUB JEDNOSTKOWEJ
Nazwa ogólna lub geograficzna Stopy (metalurg.)
Określnik ogólny fizyka
650 #9 - HASŁO PRZEDMIOTOWE W FORMIE NAZWY OGÓLNEJ LUB JEDNOSTKOWEJ
Nazwa ogólna lub geograficzna Rafinacja
830 #0 - HASŁO DODATKOWE SERII LUB DOKUMENTU WIELOCZĘŚCIOWEGO - TYTUŁ UJEDNOLICONY
Tytuł ujednolicony Prace Naukowe Wydziału Metalurgii i Inżynierii Materiałowej (Politechnika Częstochowska).
Nazwa części/sekcji dzieła Metalurgia ;
Oznaczenie tomu nr 12
856 ## - LOKALIZACJA I DOSTĘP DO ELEKTRONICZNYCH DOKUMENTÓW ZDALNYCH
Link (URL) http://koha.tu.koszalin.pl/cgi-bin/koha/opac-detail.pl?biblionumber=39976
Tekst linku Katalog online BPK
942 ## - DODATKOWE ELEMENTY (KOHA)
Typ dokumentu Książka
Egzemplarze
Wycofany Status egzemplarza Uszkodzony Dostępność Lokalizacja stała Lokalizacja bieżąca Miejsce przechowywania Sygnatura Kod kreskowy Typ dokumentu
      Dostępny Biblioteka Politechniki Koszalińskiej Biblioteka Politechniki Koszalińskiej Wypożyczalnia BG 59843 01583953 Książka
© 2023 Biblioteka Politechniki Koszalińskiej :: KOHA